[Event "Grand Pacific op"]
[Site "Victoria CAN"]
[Date "2018.04.01"]
[Round "5.1"]
[White "Kaufman, Raymond"]
[Black "Ginsburg, Mark"]
[Result "0-1"]
[WhiteElo "2323"]
[BlackElo "2372"]
[PlyCount "98"]
[GameId "2160767908241381"]
[EventDate "2018.03.30"]
[EventType "swiss"]
[EventRounds "6"]
[EventCountry "CAN"]
[SourceTitle "EXT 2022"]
[Source "ChessBase"]
[SourceDate "2021.10.06"]
[SourceVersion "1"]
[SourceVersionDate "2021.10.06"]
[SourceQuality "1"]

1. e4 c5 2. Nf3 e6 3. d4 cxd4 4. Nxd4 a6 5. c4 Nf6 6. Nc3 Qc7 7. a3 b6 8. Be2 Bb7 9. f3 Be7 10. Be3 O-O 11. Rc1 d6 12. O-O Nbd7 13. Qd2 Rac8 14. Rfd1 Qb8 15. Kh1 Rfe8 16. b4 Bf8 17. Bg5 h6 18. Bh4 Nh5 19. Na4 g5 20. Bf2 Nf4 21. Bf1 Ba8 22. Ne2 Nxe2 23. Bxe2 Rc6 24. Bg3 Ne5 25. Bxe5 dxe5 26. c5 bxc5 27. Nxc5 Rd6 28. Qc3 Rc8 29. Rxd6 Qxd6 30. Rd1 Qb6 31. Qxe5 Bg7 32. Qd6 Qxd6 33. Rxd6 a5 34. Ba6 Bf8 35. Rd1 Rc7 36. Rd8 Bc6 37. Nd3 axb4 38. axb4 Ra7 39. Nc5 Kg7 40. Rxf8 Kxf8 41. h4 Ke7 42. e5 Ra8 43. hxg5 hxg5 44. Kh2 Rb8 45. Nd3 Bb5 46. Bxb5 Rxb5 47. Nc5 Rxb4 48. Ne4 Rb5 49. Nxg5 Rxe5 0-1

[Event "Grand Pacific op"]
[Site "Victoria CAN"]
[Date "2018.04.02"]
[Round "6.3"]
[White "Matras-Clement, Agnieszka"]
[Black "Kaufman, Raymond"]
[Result "1-0"]
[Annotator ",roger"]
[WhiteElo "2300"]
[BlackElo "2323"]
[PlyCount "115"]
[GameId "2160767740756368"]
[EventDate "2018.03.30"]
[EventType "swiss"]
[EventRounds "6"]
[EventCountry "CAN"]

1. e4 e5 2. Nf3 Nc6 3. Bc4 Bc5 4. c3 Nf6 5. d3 d6 6. Bb3 a6 7. h3 Ba7 8. Nbd2 Ne7 9. Nf1 Ng6 10. Ng3 O-O 11. O-O Be6 12. Bc2 h6 13. d4 c6 14. Nf5 Qc7 15. Nh2 d5 16. exd5 Nxd5 17. dxe5 Nxe5 18. Ng4 Rad8 19. Ngxh6+ gxh6 20. Nxh6+ Kg7 21. Qh5 Rh8 22. Re1 Bb8 23. Qg5+ Kf8 24. f4 Qb6+ 25. Kh1 f6 26. Qh4 Nf7 27. Rxe6 Rxh6 28. Qg3 Qc7 29. c4 Nxf4 30. Re4 Nd3 31. Bxh6+ Nxh6 32. Qxc7 Bxc7 33. Bxd3 Rxd3 34. Rf1 Nf5 35. Kg1 Ng3 36. Rxf6+ Kg7 37. Re7+ Kxf6 38. Rxc7 Ke5 39. Rxb7 Kf4 40. Rf7+ Ke4 41. Re7+ Kf4 42. Rf7+ Ke5 43. Re7+ Kd6 44. Rg7 Nf5 45. Rg6+ Kc7 46. Rf6 Ne3 47. g4 Nxc4 48. Kg2 Ne5 49. g5 Rd2+ 50. Kg3 Rxb2 51. h4 Kd7 52. h5 Ke7 53. h6 Rb8 54. Kf4 Nf7 55. h7 Rc8 56. Kf5 Rh8 57. g6 Nh6+ 58. Kg5 {2 more moves illegible} 1-0

[Event "Trois-Rivieres op"]
[Site "Trois-Rivieres CAN"]
[Date "2018.03.16"]
[Round "1.6"]
[White "Kaufman, Raymond"]
[Black "Li, Sherry"]
[Result "1/2-1/2"]
[WhiteElo "2323"]
[BlackElo "2036"]
[PlyCount "98"]
[GameId "2160767908241593"]
[EventDate "2018.03.16"]
[EventType "swiss"]
[EventRounds "5"]
[EventCountry "CAN"]
[SourceTitle "EXT 2022"]
[Source "ChessBase"]
[SourceDate "2021.10.06"]
[SourceVersion "1"]
[SourceVersionDate "2021.10.06"]
[SourceQuality "1"]

1. e4 c5 2. Nf3 e6 3. d4 cxd4 4. Nxd4 a6 5. c4 Nf6 6. Nc3 Bb4 7. Qd3 Qc7 8. a3 Bxc3+ 9. Qxc3 Nxe4 10. Nb5 axb5 11. Qxg7 Rf8 12. Bh6 Qc5 13. b4 Qe7 14. f3 Nf6 15. Qxf8+ Qxf8 16. Bxf8 Kxf8 17. cxb5 d6 18. Bd3 Nbd7 19. Kf2 Nb6 20. Rhd1 Bd7 21. g4 Kg7 22. h4 Nfd5 23. h5 h6 24. Rdc1 Na4 25. Be4 Bxb5 26. Bxd5 exd5 27. Rc7 d4 28. Re1 d3 29. Rxb7 Nc3 30. a4 d2 31. axb5 dxe1=Q+ 32. Kxe1 Ra2 33. b6 Re2+ 34. Kf1 Re8 35. Rd7 d5 36. f4 Re6 37. b7 Rb6 38. g5 hxg5 39. fxg5 Ne4 40. g6 Ng5 41. gxf7 Nxf7 42. h6+ Kxh6 43. Rxf7 Rxb4 44. Ke2 Kg6 45. Rc7 Kf6 46. Kd3 Ke6 47. Kc3 Kd6 48. Rh7 Rb1 49. Kd4 Kc6 1/2-1/2

[Event "Trois-Rivieres op"]
[Site "Trois-Rivieres CAN"]
[Date "2018.03.17"]
[Round "2.10"]
[White "Zhong, Kevin"]
[Black "Kaufman, Raymond"]
[Result "0-1"]
[WhiteElo "2083"]
[BlackElo "2323"]
[PlyCount "66"]
[GameId "2160767908241616"]
[EventDate "2018.03.16"]
[EventType "swiss"]
[EventRounds "5"]
[EventCountry "CAN"]
[SourceTitle "EXT 2022"]
[Source "ChessBase"]
[SourceDate "2021.10.06"]
[SourceVersion "1"]
[SourceVersionDate "2021.10.06"]
[SourceQuality "1"]

1. e4 e5 2. Nf3 d6 3. d4 exd4 4. Nxd4 Nf6 5. Nc3 Be7 6. g3 O-O 7. Bg2 Re8 8. O-O Bf8 9. Bf4 Nbd7 10. Re1 c6 11. Qd2 Ne5 12. Rad1 Qb6 13. b3 Bg4 14. Rc1 Rad8 15. h3 Bc8 16. Na4 Qc7 17. c4 a6 18. g4 h5 19. f3 hxg4 20. hxg4 g6 21. Bg5 Bg7 22. Bh1 Nh7 23. Bxd8 Qxd8 24. Red1 Ng5 25. Qg2 c5 26. Ne2 Ngxf3+ 27. Qxf3 Nxf3+ 28. Bxf3 Qg5 29. Rd5 Qe3+ 30. Kg2 Rxe4 31. Rxd6 Bxg4 32. Rd8+ Kh7 33. Rh1+ Bh6 0-1

[Event "Trois-Rivieres op"]
[Site "Trois-Rivieres CAN"]
[Date "2018.03.17"]
[Round "3.4"]
[White "Kaufman, Raymond"]
[Black "Ouellet, Maili-Jade"]
[Result "0-1"]
[WhiteElo "2323"]
[BlackElo "2173"]
[PlyCount "202"]
[GameId "2160767908249823"]
[EventDate "2018.03.16"]
[EventType "swiss"]
[EventRounds "5"]
[EventCountry "CAN"]
[SourceTitle "EXT 2022"]
[Source "ChessBase"]
[SourceDate "2021.10.06"]
[SourceVersion "1"]
[SourceVersionDate "2021.10.06"]
[SourceQuality "1"]

1. e4 c5 2. Nf3 e6 3. d4 cxd4 4. Nxd4 a6 5. c4 Nf6 6. Nc3 Qc7 7. a3 b6 8. Be3 Bb7 9. f3 d6 10. Rc1 Be7 11. Be2 Nbd7 12. O-O O-O 13. Qd2 Rac8 14. Rc2 Rfe8 15. b4 Qb8 16. Kh1 Bd8 17. Bg1 Bc7 18. Rb1 h5 19. Bf1 Qa8 20. Na4 h4 21. Rbc1 h3 22. c5 hxg2+ 23. Bxg2 bxc5 24. bxc5 dxc5 25. Nxc5 Nxc5 26. Rxc5 Bd6 27. Rxc8 Rxc8 28. Rxc8+ Qxc8 29. Qa5 Qb8 30. Nb3 Nd7 31. Qa4 Qc7 32. Na5 Nc5 33. Qe8+ Kh7 34. Nxb7 Nxb7 35. Qa4 a5 36. e5 Be7 37. f4 g6 38. Qb5 Nc5 39. Bc6 Nd3 40. Bb6 Qc8 41. Bxa5 Nxf4 42. a4 Nd3 43. Qb7 Qf8 44. Bc3 Nc5 45. Qb5 Qd8 46. Qf1 Kg7 47. a5 Qc8 48. Qf3 Qb8 49. Kg2 Bg5 50. Bd4 Nb3 51. Bb6 Nd2 52. Qg4 Qc8 53. Qa4 Qh8 54. Qg4 Qc8 55. Qa4 Qh8 56. Bf2 Qh5 57. Qb5 Bf4 58. h3 Qg5+ 59. Kh1 Qf5 60. Bg2 Bxe5 61. Qe2 Qf4 62. Bg1 Nc4 63. a6 Nd6 64. Qe3 Qf6 65. a7 Nf5 66. a8=Q Ng3+ 67. Qxg3 Bxg3 68. Bc5 Qf5 69. Qa1+ e5 70. Bd6 Bf4 71. Qb2 Qh5 72. Qa1 Qe2 73. Bc5 Kh7 74. Bg1 Kg7 75. Qa7 Qh5 76. Qd7 Qg5 77. Qd3 Qh4 78. Qd7 Bg3 79. Bd5 Qf4 80. Qe8 Qf5 81. Kg2 Bh4 82. Qc6 Qf4 83. Qc3 Bf6 84. Bh2 Qg5+ 85. Kh1 e4 86. Qc4 e3 87. Bf3 Qf5 88. Kg2 Qg5+ 89. Kf1 Qf5 90. Kg2 Qg5+ 91. Kh1 Qf5 92. Qf1 Bd4 93. Qe2 Qxh3 94. Bg4 Qh4 95. Kg2 f5 96. Bf3 Qg5+ 97. Kh1 Qe7 98. Qd3 Qh4 99. Qc4 Kh6 100. Qg8 e2 101. Bxe2 Qe4+ 0-1

[Event "Trois-Rivieres op"]
[Site "Trois-Rivieres CAN"]
[Date "2018.03.18"]
[Round "4.12"]
[White "Turcotte, Jonathan"]
[Black "Kaufman, Raymond"]
[Result "0-1"]
[WhiteElo "1953"]
[BlackElo "2323"]
[PlyCount "73"]
[GameId "2160767908249852"]
[EventDate "2018.03.16"]
[EventType "swiss"]
[EventRounds "5"]
[EventCountry "CAN"]
[SourceTitle "EXT 2022"]
[Source "ChessBase"]
[SourceDate "2021.10.06"]
[SourceVersion "1"]
[SourceVersionDate "2021.10.06"]
[SourceQuality "1"]

1. d4 Nf6 2. c4 e6 3. Nf3 c5 4. d5 exd5 5. cxd5 d6 6. Nc3 g6 7. h3 Bg7 8. e4 O-O 9. Bd3 a6 10. a4 Re8 11. O-O Nh5 12. Bg5 Bf6 13. Bh6 Nd7 14. Re1 Rb8 15. g4 Ng7 16. g5 Be7 17. h4 Nh5 18. e5 Nxe5 19. Nxe5 dxe5 20. Rxe5 Bd6 21. Rxe8+ Qxe8 22. Qe1 Qd7 23. Qe4 Nf4 24. f3 b5 25. axb5 Bb7 26. Bf1 Re8 27. bxa6 Rxe4 28. Nxe4 Be5 29. axb7 Qxb7 30. Bc4 Bxb2 31. Re1 Bd4+ 32. Kh2 Qd7 33. Bf1 Nxd5 34. Bh3 Qc7+ 35. Kh1 Bg7 36. Nd6 Bxh6 37. Re8+ 0-1

[Event "Trois-Rivieres op"]
[Site "Trois-Rivieres CAN"]
[Date "2018.03.18"]
[Round "5.7"]
[White "Kaufman, Raymond"]
[Black "Dukic, Zachary"]
[Result "0-1"]
[WhiteElo "2323"]
[BlackElo "2254"]
[PlyCount "68"]
[GameId "2160767908249868"]
[EventDate "2018.03.16"]
[EventType "swiss"]
[EventRounds "5"]
[EventCountry "CAN"]
[SourceTitle "EXT 2022"]
[Source "ChessBase"]
[SourceDate "2021.10.06"]
[SourceVersion "1"]
[SourceVersionDate "2021.10.06"]
[SourceQuality "1"]

1. e4 e5 2. Nf3 Nc6 3. Bc4 Bc5 4. O-O Nf6 5. d3 a6 6. a4 d6 7. Nbd2 h6 8. Re1 O-O 9. c3 Be6 10. h3 Ba7 11. Bxe6 fxe6 12. Nf1 Nh5 13. Be3 Nf4 14. Bxa7 Rxa7 15. d4 Qf6 16. Re3 Raa8 17. Kh2 Rf7 18. dxe5 Nxe5 19. Nxe5 dxe5 20. Qc2 Raf8 21. Rf3 Qg6 22. Ne3 Kh7 23. Rg3 Qh5 24. Ng4 Ng6 25. Qb3 Qh4 26. Qxe6 Re7 27. Qc4 h5 28. Ne3 Rxf2 29. Qc5 Ref7 30. Nf5 Qf4 31. Kg1 Rxb2 32. Rf1 Qxe4 33. Qa3 Rb1 34. Ne3 Qxe3+ 0-1

[Event "British Columbia op"]
[Site "Richmond CAN"]
[Date "2018.02.10"]
[Round "1.3"]
[White "Kaufman, Raymond"]
[Black "Zhou, Aiden"]
[Result "1-0"]
[WhiteElo "2310"]
[BlackElo "2019"]
[PlyCount "59"]
[GameId "2160767908258331"]
[EventDate "2018.02.10"]
[EventType "swiss"]
[EventRounds "6"]
[EventCountry "CAN"]
[SourceTitle "EXT 2022"]
[Source "ChessBase"]
[SourceDate "2021.10.06"]
[SourceVersion "1"]
[SourceVersionDate "2021.10.06"]
[SourceQuality "1"]

1. e4 e6 2. d3 d5 3. Qe2 Be7 4. Nf3 Nf6 5. g3 c5 6. Bg2 Nc6 7. e5 Nd7 8. c4 dxc4 9. dxc4 Nd4 10. Nxd4 cxd4 11. O-O Qc7 12. Re1 h5 13. b3 Nb8 14. Bb2 Bc5 15. a3 a5 16. Nd2 Nc6 17. Rad1 Bd7 18. Nf3 Qb6 19. Rd3 O-O-O 20. Ng5 Be8 21. Ne4 Nxe5 22. Nxc5 Nxd3 23. Nxd3 Bc6 24. Bxc6 bxc6 25. Qf3 Qc7 26. Ne5 Rhf8 27. Nxc6 Qb7 28. Re5 Kc7 29. Rc5 Kd6 30. Bxd4 1-0

[Event "British Columbia op"]
[Site "Richmond CAN"]
[Date "2018.02.10"]
[Round "2.2"]
[White "Hemstapat, Andrew"]
[Black "Kaufman, Raymond"]
[Result "0-1"]
[WhiteElo "2166"]
[BlackElo "2310"]
[PlyCount "92"]
[GameId "2160767908258339"]
[EventDate "2018.02.10"]
[EventType "swiss"]
[EventRounds "6"]
[EventCountry "CAN"]
[SourceTitle "EXT 2022"]
[Source "ChessBase"]
[SourceDate "2021.10.06"]
[SourceVersion "1"]
[SourceVersionDate "2021.10.06"]
[SourceQuality "1"]

1. e4 c6 2. d4 d5 3. e5 Bf5 4. Ne2 e6 5. Ng3 Bg6 6. h4 h5 7. Be2 c5 8. c3 Nc6 9. Be3 Qb6 10. b3 cxd4 11. cxd4 Bxb1 12. Rxb1 g6 13. Kf1 Bh6 14. Qd2 Bxe3 15. fxe3 Nh6 16. Kf2 O-O-O 17. b4 Kb8 18. b5 Na5 19. Qb4 Rc8 20. Rbc1 Rxc1 21. Rxc1 Qd8 22. Qc3 b6 23. Bf3 Nc4 24. Qb4 Qxh4 25. Rxc4 Nf5 26. Rc2 Qxg3+ 27. Ke2 Qg5 28. Qc3 Qd8 29. Kd3 g5 30. e4 Ne7 31. exd5 exd5 32. Qb4 Rh6 33. Qd2 Ng6 34. Kc3 Nf4 35. Kb2 Qd7 36. a4 Rh8 37. g3 Ne6 38. Rc6 h4 39. gxh4 Rxh4 40. Rd6 Qc7 41. Rc6 Qb7 42. Bxd5 Rxd4 43. Qg2 Qe7 44. Bb3 Qb4 45. Rc3 Nc5 46. Qxg5 Nxa4+ 0-1

[Event "British Columbia op"]
[Site "Richmond CAN"]
[Date "2018.02.11"]
[Round "3.2"]
[White "Kaufman, Raymond"]
[Black "MacKinnon, Keith"]
[Result "1/2-1/2"]
[WhiteElo "2310"]
[BlackElo "2262"]
[PlyCount "114"]
[GameId "2160767908258349"]
[EventDate "2018.02.10"]
[EventType "swiss"]
[EventRounds "6"]
[EventCountry "CAN"]
[SourceTitle "EXT 2022"]
[Source "ChessBase"]
[SourceDate "2021.10.06"]
[SourceVersion "1"]
[SourceVersionDate "2021.10.06"]
[SourceQuality "1"]

1. d4 Nf6 2. c4 e6 3. Nf3 b6 4. g3 Ba6 5. Qc2 Bb7 6. Bg2 c5 7. d5 exd5 8. cxd5 Bxd5 9. Nc3 Bb7 10. O-O Be7 11. e4 d6 12. Rd1 Qc8 13. Nh4 g6 14. Nb5 O-O 15. Bg5 Nc6 16. Nxd6 Bxd6 17. Rxd6 Ne8 18. Rd2 f6 19. Bh6 Rf7 20. Rad1 Nd4 21. Qb1 Ng7 22. Be3 Nc6 23. f4 Qe8 24. Rd6 Rd8 25. Qd3 Rxd6 26. Qxd6 Nb8 27. Qd8 Rd7 28. Rxd7 Nxd7 29. Qxe8+ Nxe8 30. Bh3 Nf8 31. e5 Bd5 32. a3 fxe5 33. fxe5 Kf7 34. Kf2 Nc7 35. Nf3 Nce6 36. Bg2 Ke7 37. Bd2 Nd7 38. Bc3 a5 39. Bf1 Nd8 40. Bb5 Nf7 41. Bxd7 Kxd7 42. Ne1 Ke6 43. Nd3 g5 44. Ke3 c4 45. Nc1 Nxe5 46. Bxe5 Kxe5 47. Ne2 Be4 48. Nd4 Bb1 49. Nf3+ Kf5 50. h3 h6 51. g4+ Ke6 52. Nd2 Bd3 53. Kd4 b5 54. b3 Be2 55. bxc4 bxc4 56. Nxc4 Bf1 57. Ne3 Bxh3 1/2-1/2

[Event "British Columbia op"]
[Site "Richmond CAN"]
[Date "2018.02.11"]
[Round "4.3"]
[White "Doknjas, Joshua"]
[Black "Kaufman, Raymond"]
[Result "1/2-1/2"]
[WhiteElo "2263"]
[BlackElo "2310"]
[PlyCount "61"]
[GameId "2160767908258360"]
[EventDate "2018.02.10"]
[EventType "swiss"]
[EventRounds "6"]
[EventCountry "CAN"]
[SourceTitle "EXT 2022"]
[Source "ChessBase"]
[SourceDate "2021.10.06"]
[SourceVersion "1"]
[SourceVersionDate "2021.10.06"]
[SourceQuality "1"]

1. e4 Nf6 2. e5 Nd5 3. d4 d6 4. c4 Nb6 5. exd6 exd6 6. Nc3 Be7 7. Bd3 Nc6 8. Nge2 Bg4 9. f3 Bh5 10. O-O O-O 11. b3 Re8 12. Be3 Bg6 13. Be4 Bg5 14. Bf2 a5 15. Kh1 Qd7 16. Ng3 Bh4 17. Qd2 a4 18. Bxg6 hxg6 19. d5 Na5 20. Bxb6 cxb6 21. Rab1 axb3 22. axb3 f5 23. Nge2 Bf6 24. Qd3 Qe7 25. b4 Qe3 26. Qxe3 Rxe3 27. bxa5 Bxc3 28. Nxc3 Rxc3 29. Rxb6 Rxa5 30. Rxd6 Rxc4 31. Rb6 1/2-1/2

[Event "British Columbia op"]
[Site "Richmond CAN"]
[Date "2018.02.12"]
[Round "5.3"]
[White "Kaufman, Raymond"]
[Black "Cheng, Louis"]
[Result "1-0"]
[WhiteElo "2310"]
[BlackElo "1994"]
[PlyCount "69"]
[GameId "2160767908258370"]
[EventDate "2018.02.10"]
[EventType "swiss"]
[EventRounds "6"]
[EventCountry "CAN"]
[SourceTitle "EXT 2022"]
[Source "ChessBase"]
[SourceDate "2021.10.06"]
[SourceVersion "1"]
[SourceVersionDate "2021.10.06"]
[SourceQuality "1"]

1. d4 Nf6 2. c4 e6 3. Nf3 b6 4. g3 Ba6 5. Qc2 Bb7 6. Bg2 c5 7. d5 exd5 8. cxd5 Bxd5 9. Nc3 Bc6 10. O-O Be7 11. e4 O-O 12. Rd1 Na6 13. Bf4 Qc8 14. Ne5 Bb7 15. Bh3 Nb8 16. Rd2 h6 17. Rad1 g5 18. Be3 Qe8 19. Nc4 b5 20. e5 bxc4 21. exf6 Bxf6 22. Nd5 Bxd5 23. Rxd5 Na6 24. Rd6 Nb4 25. Qf5 Bg7 26. Bg2 Qe5 27. Qxe5 Bxe5 28. Rxh6 Rac8 29. Bxg5 Bxb2 30. Rxd7 Rce8 31. Bf1 Re1 32. Kg2 Bg7 33. Bxc4 Re5 34. Bf6 Re4 35. Rg6 1-0

[Event "British Columbia op"]
[Site "Richmond CAN"]
[Date "2018.02.12"]
[Round "6.1"]
[White "Kaufman, Raymond"]
[Black "Nyamdorj, Davaa-Ochir"]
[Result "1-0"]
[WhiteElo "2310"]
[BlackElo "2223"]
[PlyCount "101"]
[GameId "2160767908258378"]
[EventDate "2018.02.10"]
[EventType "swiss"]
[EventRounds "6"]
[EventCountry "CAN"]

1. e4 e5 2. Nf3 Nc6 3. Bb5 Nf6 4. d3 Bc5 5. Bxc6 dxc6 6. O-O Nd7 7. Be3 Bd6 8. Nbd2 c5 9. Nc4 Qe7 10. Nfd2 Nf6 11. Kh1 Ng4 12. h3 Nxe3 13. fxe3 h5 14. Qf3 Be6 15. a3 Rh6 16. d4 Rf6 17. Qxh5 Rh6 18. Qf3 Qd7 19. Kg1 Rg6 20. Kh1 Rh6 21. Nxd6+ cxd6 22. Kg1 cxd4 23. exd4 exd4 24. Qf2 O-O-O 25. Qxd4 Rg6 26. Rf3 Kb8 27. Kh2 d5 28. e5 f6 29. exf6 Qd6+ 30. Qf4 Qxf4+ 31. Rxf4 gxf6 32. Re1 Rdg8 33. Re2 Kc7 34. Nf3 Kd6 35. Ra4 a6 36. Rb4 Bc8 37. a4 Kc5 38. c3 R8g7 39. a5 Bf5 40. Nd4 Bd3 41. Ne6+ Kd6 42. Rb6+ Ke7 43. Rxb7+ Kd6 44. Rb6+ Ke7 45. Rd2 Rg8 46. Nf4 Be4 47. Nxg6+ Rxg6 48. Rxa6 Rg5 49. b4 Kd7 50. Ra7+ Kc6 51. Rf7 1-0

[Event "New Westminster op"]
[Site "New Westminster CAN"]
[Date "2017.10.07"]
[Round "1.2"]
[White "Kaufman, Raymond"]
[Black "Williamson, Jason"]
[Result "1-0"]
[WhiteElo "2306"]
[BlackElo "1899"]
[PlyCount "53"]
[GameId "2160767908325870"]
[EventDate "2017.10.07"]
[EventType "swiss"]
[EventRounds "6"]
[EventCountry "CAN"]
[SourceTitle "EXT 2022"]
[Source "ChessBase"]
[SourceDate "2021.10.06"]
[SourceVersion "1"]
[SourceVersionDate "2021.10.06"]
[SourceQuality "1"]

1. e4 c5 2. Nf3 Nc6 3. Bb5 g6 4. Bxc6 dxc6 5. d3 Bg7 6. h3 Nf6 7. Nc3 O-O 8. Be3 b6 9. Qd2 Be6 10. Bh6 c4 11. d4 b5 12. Bxg7 Kxg7 13. Ng5 Qd7 14. e5 Nd5 15. Nce4 Bf5 16. Nc5 Qc8 17. g4 Bd7 18. O-O-O b4 19. Nge4 Qc7 20. c3 Qa5 21. Nxd7 Qxa2 22. Qc2 Rfd8 23. Ndc5 Rdb8 24. Qa4 b3 25. Qxa2 bxa2 26. Kc2 Rb5 27. Ra1 1-0

[Event "New Westminster op"]
[Site "New Westminster CAN"]
[Date "2017.10.07"]
[Round "2.1"]
[White "Tian, Sherry"]
[Black "Kaufman, Raymond"]
[Result "0-1"]
[WhiteElo "1953"]
[BlackElo "2306"]
[PlyCount "94"]
[GameId "2160767908325876"]
[EventDate "2017.10.07"]
[EventType "swiss"]
[EventRounds "6"]
[EventCountry "CAN"]
[SourceTitle "EXT 2022"]
[Source "ChessBase"]
[SourceDate "2021.10.06"]
[SourceVersion "1"]
[SourceVersionDate "2021.10.06"]
[SourceQuality "1"]

1. d4 Nf6 2. c4 e6 3. Nf3 c5 4. Nc3 cxd4 5. Nxd4 Nc6 6. e3 Bb4 7. Bd2 O-O 8. a3 Bc5 9. Nf3 d5 10. cxd5 exd5 11. Be2 Re8 12. O-O a6 13. Rc1 Ba7 14. Qc2 Bg4 15. Rfd1 Qe7 16. h3 Bxf3 17. Bxf3 d4 18. Bxc6 dxc3 19. Bxe8 cxd2 20. Bxf7+ Qxf7 21. Qxd2 Rf8 22. Qe2 Ne4 23. Rf1 Qe6 24. Qg4 Qe5 25. Rc8 Nd6 26. Rxf8+ Kxf8 27. Qd7 Qe7 28. Qg4 Kg8 29. Rd1 Bb8 30. Qd4 Bc7 31. Rc1 h6 32. Qd5+ Nf7 33. Kf1 Be5 34. Rc8+ Kh7 35. Qe4+ g6 36. Qc2 Qd7 37. h4 h5 38. g3 Nh6 39. Qc5 Ng4 40. Qf8 Bg7 41. Qc5 Qd1+ 42. Kg2 Qe2 43. e4 Qxe4+ 44. Kg1 Nxf2 45. Rd8 Ng4 46. Rd1 Qe2 47. Rb1 Ne3 0-1

[Event "New Westminster op"]
[Site "New Westminster CAN"]
[Date "2017.10.08"]
[Round "4.1"]
[White "Salcedo, Daniel"]
[Black "Kaufman, Raymond"]
[Result "1/2-1/2"]
[WhiteElo "1954"]
[BlackElo "2306"]
[PlyCount "52"]
[GameId "2160767908325890"]
[EventDate "2017.10.07"]
[EventType "swiss"]
[EventRounds "6"]
[EventCountry "CAN"]

1. d4 Nf6 2. c4 e6 3. Nc3 Bb4 4. e3 O-O 5. Bd3 d5 6. Nf3 c5 7. O-O dxc4 8. Bxc4 Nc6 9. Qe2 cxd4 10. Rd1 e5 11. exd4 exd4 12. Bg5 Be7 13. h3 Re8 14. Nb5 Nd7 15. Bf4 Bb4 16. Qc2 Nde5 17. Ng5 g6 18. Qb3 Nxc4 19. Qxc4 Qf6 20. Qc1 Re2 21. Nc7 Bf5 22. Nd5 Qd8 23. Nxb4 Nxb4 24. Qc4 Qe7 25. Nxf7 Qxf7 26. Qxe2 Re8 1/2-1/2

[Event "New Westminster op"]
[Site "New Westminster CAN"]
[Date "2017.10.09"]
[Round "5.1"]
[White "Kaufman, Raymond"]
[Black "Ferguson, Peter"]
[Result "1-0"]
[WhiteElo "2306"]
[BlackElo "2023"]
[PlyCount "51"]
[GameId "2160767908325897"]
[EventDate "2017.10.07"]
[EventType "swiss"]
[EventRounds "6"]
[EventCountry "CAN"]
[SourceTitle "EXT 2022"]
[Source "ChessBase"]
[SourceDate "2021.10.06"]
[SourceVersion "1"]
[SourceVersionDate "2021.10.06"]
[SourceQuality "1"]

1. Nf3 g6 2. e4 Bg7 3. d4 Nh6 4. Nc3 c6 5. h4 d6 6. h5 b5 7. Bd3 b4 8. Ne2 Qb6 9. Ng3 Ng4 10. c3 a5 11. Bc4 e5 12. Ng5 exd4 13. Nxf7 d5 14. Nd6+ Kd7 15. Nxc8 Kxc8 16. Qxg4+ Kb7 17. exd5 dxc3 18. Be3 cxb2 19. Rb1 Bc3+ 20. Kf1 c5 21. d6 Ra7 22. Ne4 Na6 23. hxg6 hxg6 24. Rxh8 Bxh8 25. Qd7+ Ka8 26. Qc8+ 1-0

[Event "New Westminster op"]
[Site "New Westminster CAN"]
[Date "2017.10.09"]
[Round "6.1"]
[White "Kenney, Jason"]
[Black "Kaufman, Raymond"]
[Result "1/2-1/2"]
[WhiteElo "2228"]
[BlackElo "2306"]
[PlyCount "48"]
[GameId "2160767908325904"]
[EventDate "2017.10.07"]
[EventType "swiss"]
[EventRounds "6"]
[EventCountry "CAN"]
[SourceTitle "EXT 2022"]
[Source "ChessBase"]
[SourceDate "2021.10.06"]
[SourceVersion "1"]
[SourceVersionDate "2021.10.06"]
[SourceQuality "1"]

1. d4 Nf6 2. c4 e6 3. Nc3 Bb4 4. e3 O-O 5. Bd3 d5 6. Nf3 c5 7. O-O cxd4 8. exd4 dxc4 9. Bxc4 b6 10. Bg5 Bb7 11. a3 Be7 12. Re1 Nc6 13. Qd3 Rc8 14. Rad1 Nd5 15. h4 Nxc3 16. bxc3 Na5 17. Bxe7 Qxe7 18. Ng5 g6 19. Bxe6 fxe6 20. Rxe6 Qg7 21. Rde1 Bd5 22. Re7 Qf6 23. Qg3 Rxc3 24. Nxh7 Rxg3 1/2-1/2

[Event "Semiahmoo op Premier"]
[Site "White Rock CAN"]
[Date "2017.08.05"]
[Round "1.3"]
[White "Kaufman, Raymond"]
[Black "Li, James1"]
[Result "1-0"]
[WhiteElo "2261"]
[BlackElo "2051"]
[PlyCount "61"]
[GameId "2160767908347550"]
[EventDate "2017.08.05"]
[EventType "swiss"]
[EventRounds "6"]
[EventCountry "CAN"]
[SourceTitle "EXT 2022"]
[Source "ChessBase"]
[SourceDate "2021.10.06"]
[SourceVersion "1"]
[SourceVersionDate "2021.10.06"]
[SourceQuality "1"]

1. d4 Nf6 2. Nf3 e6 3. Bg5 d5 4. c4 c6 5. Nbd2 Be7 6. e3 O-O 7. Bd3 b6 8. O-O Bb7 9. Rc1 Nbd7 10. cxd5 cxd5 11. Qe2 Ne8 12. Bf4 Ndf6 13. Ne5 a6 14. Nc6 Qd7 15. Nxe7+ Qxe7 16. Rc2 Nd6 17. Rfc1 Rfc8 18. Rxc8+ Bxc8 19. Rc6 Nc4 20. Nxc4 dxc4 21. Bxc4 b5 22. Bb3 Nd5 23. Be5 Bb7 24. Bxd5 Bxc6 25. Bxc6 Rc8 26. Qc2 Qd8 27. Qc5 Qa5 28. g3 f6 29. Qd6 Qxa2 30. Qd7 Rf8 31. Bd6 1-0

[Event "Semiahmoo op Premier"]
[Site "White Rock CAN"]
[Date "2017.08.05"]
[Round "2.2"]
[White "Hemstapat, Andrew"]
[Black "Kaufman, Raymond"]
[Result "0-1"]
[WhiteElo "1993"]
[BlackElo "2261"]
[PlyCount "68"]
[GameId "2160767908347557"]
[EventDate "2017.08.05"]
[EventType "swiss"]
[EventRounds "6"]
[EventCountry "CAN"]
[SourceTitle "EXT 2022"]
[Source "ChessBase"]
[SourceDate "2021.10.06"]
[SourceVersion "1"]
[SourceVersionDate "2021.10.06"]
[SourceQuality "1"]

1. e4 c5 2. Nf3 e6 3. Nc3 a6 4. d4 cxd4 5. Nxd4 b5 6. a3 Bb7 7. Be3 d6 8. Bd3 Nf6 9. g4 d5 10. g5 Nxe4 11. Bxe4 dxe4 12. Qg4 Be7 13. O-O-O Qc8 14. Rhg1 Nd7 15. Qh3 Ne5 16. Bf4 Ng6 17. Qg3 O-O 18. Nce2 Qc4 19. h4 Rfe8 20. h5 Nxf4 21. Nxf4 Bd6 22. g6 fxg6 23. hxg6 h6 24. Qg4 Rac8 25. Rd2 Qa2 26. Kd1 Bxf4 27. Qxf4 Qa1+ 28. Ke2 Qxg1 29. Qf7+ Kh8 30. Qxb7 Rf8 31. Ke3 Qg5+ 32. Ke2 e5 33. Nc6 Rxf2+ 34. Kxf2 Rf8+ 0-1